| 000 | 02954nam0a2200505 4500 | ||
|---|---|---|---|
| 001 | RU\NLR\bibl\1490599 | ||
| 005 | 20260407221904.0 | ||
| 010 |
_a978-5-91458-067-1 _9150 |
||
| 021 |
_aRU _b2010-6221 _9401 |
||
| 035 | _a(nilc)RSL-KNO-004577054 | ||
| 035 | _a(NLR Aleph) 001482170 | ||
| 090 |
_a1710434 _c1710434 |
||
| 100 | _a20100205d2009 |||y0rusy50 ca | ||
| 101 | 0 |
_arus _ager |
|
| 102 | _aRU | ||
| 105 | _ay ||||||||| | ||
| 200 | 1 |
_aПроблемы монголоведных и алтаистических исследований _eмеждународная научная конференция, Элиста, 11-13 ноября 2009 г. _e(к юбилею профессора В.И. Рассадина) _f[редкол.: ... д.филол.н., проф. Трофимова С.М. - отв. ред. и др.] |
|
| 210 |
_aЭлиста _cИзд-во Калмыцкого университета _d2009 |
||
| 215 |
_a247 с. _d30 |
||
| 300 | _aНа обл. подзаг.: Материалы международной конференции, посвященной 70-летию профессора В.И. Рассадина | ||
| 300 | _aВ надзаг.: Федер. агентство по образованию, Гос. образоват. учреждение высш. проф. образования "Калмыц. гос. ун-т", Науч. центр монголовед. и алтаист. исслед. | ||
| 300 | _aЧасть текста на нем. яз. | ||
| 320 | _aБиблиогр. в конце ст. | ||
| 606 | 1 |
_aАлтайские языки _jСъезды, совещания и т.п. _9933280 _3RU\NLR\auth\6625475 |
|
| 606 | 1 |
_aФольклор народов Российской Федерации _jСъезды, совещания и т.п. _92114240 _3RU\NLR\auth\661277419 |
|
| 686 |
_aТ52(2)=0Ая431(0) _2rubbk |
||
| 686 |
_aШ064я431(0) _2rubbk |
||
| 686 |
_aШ08я431(0) _2rubbk |
||
| 686 | _aШ162/165я431 | ||
| 686 | _aТ52(251.7=АлтЗА/Я)я431 | ||
| 686 | _aТ52(54Мо)я431 | ||
| 686 | _aШ3(2)я431 | ||
| 702 | 1 |
_aРассадин _bВ. И. _gВалентин Иванович _4570 |
|
| 702 | 1 |
_4340 _8rus _7ca _aТрофимова _bС. М. _cд-р филол. наук _gСветлана Менкеновна _3RU\NLR\auth\7754213 _937145 |
|
| 711 | 1 | 2 |
_a"Проблемы монголоведных и алтаистических исследований", международная научная конференция _f2009 _eЭлиста _3RU\NLR\AUTH\8810148984 _9792494 |
| 712 | 0 | 2 |
_4475 _aКалмыцкий государственный университет _cЭлиста _3RU\NLR\AUTH\889925562 _9346918 |
| 801 | 0 |
_aRU _bRuMoRGB _c20100205 _gRCR |
|
| 801 | 1 |
_aRU _bRuMoRGB _c20100205 |
|
| 801 | 2 |
_aRU _bNLR _c20100325 _grcr |
|
| 830 | _aпо ЭК | ||
| 942 | _cBOOK | ||
| 980 | _aNB | ||